Auditoría Ciudadana sobre la calidad de la democracia: propuesta para su ejecución en Costa Rica /

Guardat en:
Dades bibliogràfiques
Autor principal: Gutiérrez Saxe, Miguel
Altres autors: Vargas Cullell, Jorge Luis
Format: Desconegut
Publicat: San José: Proyecto Estado de la Nación
Matèries:
Etiquetes: Afegir etiqueta
Sense etiquetes, Sigues el primer a etiquetar aquest registre!

MARC

LEADER 00000 a2200000 04500
001 11583
003
008 991231s d
040
090 |a 140103  
100 1 |a Gutiérrez Saxe, Miguel 
245 |a Auditoría Ciudadana sobre la calidad de la democracia: propuesta para su ejecución en Costa Rica /  |c Miguel Gutiérrez Saxe 
260 |a San José:   |b Proyecto Estado de la Nación  
650 |a DEMOCRACIA  
650 |a INVESTIGACION  
650 |a INDICADORES  
650 |a INSTITUCIONES PUBLICAS  
650 |a PARTICIPACION POLITICA  
650 |a SOCIEDAD CIVIL  
650 |a CONTROL SOCIAL  
700 |a Vargas Cullell, Jorge Luis  
999 |c 5100  |d 5100